000 004510000a22001690004500
003 MACL
005 20160103152158.0
008 160103b xxu||||| |||| 00| 0 eng d
040 _aMACL
_cMACL
041 _aEnglish
082 _a800/KET
100 _aKettle, Arnold
_927711
245 _aAn Introduction to The English Novel
260 _bHutchinson's University Library
_c1951
_aNew York
650 _aLiterature
_927712
942 _cBK
_k800/Ket
_2ddc
999 _c35104
_d35104